Statistiques concernant Pays d'Asie du Sud-Est - une minute sprint

Cliquez ici pour prendre le quiz!

Statistiques générales

  • Ce quiz a été pris 61 fois
  • Le résultat moyen est 9 sur 11

Réponses sur la Carte

Les réponses sont colorées sur une échelle allant du rouge au vert en fonction du pourcentage des utilisateurs qui les ont devinées à leur premier essai. Vous pouvez retrouver ces pourcentages ci-dessous.
Chargement ...
 

Statistiques - réponses

pays% Correct
Indonésie
94%
Thaïlande
94%
Cambodge
93%
Laos
93%
Viêt Nam
91%
Birmanie
87%
Malaisie
85%
Philippines
78%
Singapour
76%
Brunei
74%
Timor-Leste
74%

Distribution des résultats

Percentile par nombre de réponses

% des personnes avec chaque résultat

Votre développement - résultats

Vous n’avez pas pris ce quiz